Le concept de fonction

Gardado en:
Detalles Bibliográficos
Autor Principal: Noguès, Maryse (auteur)
Formato: Libro
Idioma:francés
Publicado: Montpellier Université des Sciences et Techniques du Languedoc 1900
Subjects:
Tags: Engadir etiqueta
Sen Etiquetas, Sexa o primeiro en etiquetar este rexistro!

MARC

LEADER 00000nam a2200000 a 4500
001 UCZ7021
003 CL-VaPUC
008 951222e19000000FR |||||||||||||||||fre|d
082 0 4 |a 515  |b NOG  |2 21 
100 |a Noguès, Maryse  |e auteur  |9 351713 
245 1 3 |a Le concept de fonction 
300 |a 40 p 
942 |c BK 
945 |d 19951222 00:00:00  |a rleighto 
260 |a Montpellier  |b Université des Sciences et Techniques du Languedoc  |c 1900 
650 0 |a Matemática  |9 260235 
650 0 |a Funciones (Matemáticas)  |9 338128 
650 0 |a Matemáticas  |x Enseñanza  |9 875527 
583 |a last modification  |c 19951222 00:00:00  |k Rodrigo Vera 
999 |c 243153  |d 243151 
952 |0 0  |1 0  |4 0  |6 515_000000000000000_NOG_1900  |7 0  |8 A  |9 256614  |a BIBMAT  |b BIBMAT  |d 2019-11-19  |i 3163512  |o 515 NOG 1900  |p 3163512  |r 2025-01-07  |w 2019-11-19  |y BK  |k MAT